00486 2200145 4500001002100000005001700021020002200038035002500060082001000085100004000095245005600135250001000191260007500201300006400276INLIS00000000001737620150112173832.0 a978-602-96198-2-9 a0010-011500000010149 a793.3 aSiswanto, S.Pd , Eko Prasetyo, S.Pd aTradisi Kebo-Keboan aliyan & Kebo-Keboan Alasmalang aCet.I aBanyuwangibDinas Kebudayaan Dan Pariwisata kabupaten Banyuwangic2009 axi+ 161 hlm.; ilus.; tabel.; 13,5 x 20,5 cmc13,5 x 20,5 cm